00638nam a22001817a 450000500170000001000150001702000230003202000260005503500130008103700130009408200170010710000270012424501200015126000450027127000640031630000250038050000510040520150817164631.0 aENG-113603 c850.00a0198095457 c850.00a9780198095453 aEN-97135 bDBAD/PUB a323.34095482 aMangubhai, Jayshree P. aHuman rights as practice :cby Jayshree P. Mangubhaibdalit women securing livelihood entitlements in South India / aNew DelhibOxford University Pressc2014 aYMCA Library Building, 1 Jai Singh Road,bNew Delhie110001 axiii,295p.c24cm(Hb) aIncludes bibliographical references and index